00980nam a22002657a 45000010005000000030006000050050017000110080041000280200018000690400029000870500010001160820008001261000016001342450069001502500054002192600038002733000044003114900021003555050008003765200221003845210021006055210020006266500034006467000034006804966FISKH20241107103454.0241028b cb ||||| |||| 00| 0 eng d a9781407105352 aFISKHbengcFISKHdFISKH aQH375 a577 aGates, Phil aEvolve or Die /cby Phil Gates : illustrated by Tony De Saulles  aFirst published in the UK by Scholastic Ltd, 1999 aNew York : bScholastic ;c1999 . a142 pages : billustrations ;c20 cm .  aHorrible Science aZ  aWhy are mutating mosquitoes humankind's worst enemy? Which dinosaurs let loose some deafening farts? Why do rabbits eat their own poo? Get the awful answers to those queasy questions in this horrible book of science.8 a1020 bLexile 8 aZ bRaz-Plus  aHorrible Sciencevnon-fiction aSaulles, Tony Deeillustrator